Mobilita - nástroj pre lepšie a viac pracovných miest

Vytvorenie znalostnej ekonomiky a naplnenie cieľov lisabonskej stratégie. Pretrvávajúce bariéry migrácie pracovných síl ako aj slabá informovanosť o jej výhodách. Súčasný stav a perspektíva podpory mobility v rámci Európskej únie.

Na minha lista:
Detalhes bibliográficos
Autor principal: Brinčíková, Zuzana, 1979-
Formato: Capítulo de Livro
Idioma:eslovaco
Assuntos:
Tags: Adicionar Tag
Sem tags, seja o primeiro a adicionar uma tag!

MARC

LEADER 00000nla$a2200000$$$4500
001 0103476
005 20240502072127.0
041 0 |a slo 
044 |a SK 
245 1 0 |a Mobilita - nástroj pre lepšie a viac pracovných miest  |c Zuzana Brinčíková 
520 |a Vytvorenie znalostnej ekonomiky a naplnenie cieľov lisabonskej stratégie. Pretrvávajúce bariéry migrácie pracovných síl ako aj slabá informovanosť o jej výhodách. Súčasný stav a perspektíva podpory mobility v rámci Európskej únie. 
610 2 0 |a miesta pracovné 
610 2 0 |a integrácia 
610 2 0 |a spolupráca medzinárodná 
610 2 0 |a trh práce 
610 2 0 |a flexibilita 
610 2 0 |a mobilita sociálna 
610 2 0 |a Európska únia 
100 1 |a Brinčíková, Zuzana, 1979-